000 00748nam a22002297a 4500
005 20240530110453.0
008 150416s2011 xxu g 000 0deng d
017 _a2011/2341
_bمصر . دار الكتب المصرية
020 _a9789774276588
040 _aEG-CaGPL
082 0 4 _221
_a813.03\
_bن ع
100 0 _aناصر عراق
245 1 0 _aالعاطل :
_bرواية /
_cناصر عراق
250 _aط2
260 _aالقاهرة :
_bالدار المصرية اللبنانية ،
_c2011.
300 _a335 ص ؛
_c19 سم.
650 0 4 _aالقصص العربية
650 0 4 _aالادب العربى
650 0 4 _aالقصص الاجتماعية
942 _2ddc
_cBK
999 _c61311
_d61311